00555nam a2200217Ia 4500003000400000005001700004006001900021007000300040008004100043020001500084024001100099037001200110040001800122041001300140082001700153100002000170245005600190260005900246300000800305650002400313OSt20221007104352.0a|||||r|||| 00| 0 ta221006b |||||||| |||| 00| 0 eng d a0521677955 a15,657 cTextual aLCOcLCObeng 2engaeng aV2:2:(Z), P6 aDyzenhaus David 0aConstitution of Law Legality in a Time of Emergency aCambridgebCambridge University Press U.K. c2006 a250 aCONSTITUTION OF LAW